000 00216nam a22000857a 4500
008 170621b xxu||||| |||| 00| 0 eng d
100 _93604
_aNasrin
245 _aEnvironmental Education
260 _aNew Delhi
_bA. P. H
_c2009
999 _c6993
_d6993